Yi li zheng yi /

Saved in:
Bibliographic Details
Main Author: Hu, Peihui, 1782-1849.
Corporate Author: Puban Collection.
Format: Book
Language:Chinese
Published: [Jiangyin] : Nan jing shu yuan, Guangxu 14 [1888]
Series:Huang Qing jing jie xu bian ; 157-170.
Subjects:
Tags: Add Tag
No Tags, Be the first to tag this record!
LEADER 01077cam a2200313ua 4500
001 007740236-7
005 20024617111505.0
008 961016s1888 cc 000 0 chi d
035 0 |a ocn976581214 
035 0 |a ocm36133085 
040 |a CaBVaU  |c CaBVaU  |d OCoLC  |d *YNH*  |d CStRLIN 
100 1 |6 880-01  |a Hu, Peihui,  |d 1782-1849. 
245 1 0 |6 880-02  |a Yi li zheng yi /  |c Hu Peihui. 
260 |6 880-03  |a [Jiangyin] :  |b Nan jing shu yuan,  |c Guangxu 14 [1888] 
300 |a 14 v. 
490 1 |6 880-04  |a Huang Qing jing jie xu bian ;  |v 157-170 
500 |a On double leaves, oriental style, in 4 cases. 
500 |a Block print. 
630 0 0 |6 880-05  |a Yi li. 
710 2 |a Puban Collection. 
880 1 |6 100-01  |a 胡培翬,  |d 1782-1849. 
880 1 0 |6 245-02  |a 儀禮正義 /  |c 胡培翬. 
880 |6 260-03  |a [江陰] :  |b 南菁書院,  |c 光緖14 [1888] 
880 1 |6 490-04  |a 皇清經解續編 ;  |v 157-170 
880 0 0 |6 630-05  |a 儀禮. 
830 0 |6 880-54  |a Huang Qing jing jie xu bian ;  |v 157-170. 
880 0 |6 830-54  |a 皇清經解續編 ;  |v 157-170. 
988 |a 20021111 
906 |0 OCLC